[Event "Wellington Club Championship - Open Swiss"]
[Site "Wellington Chess Club"]
[Date "2024.10.31"]
[Round "6.5"]
[White "Joseph, Joji Chacko"]
[Black "Wilkins, Mark"]
[Result "1/2-1/2"]
[WhiteElo "1584"]
[BlackElo "1906"]

1. e4 c6 2. d4 d5 3. exd5 cxd5 4. c4 Nf6 5. Nc3 Nc6 6. Nf3 Bg4 7. Be3 e6 8. h3
Bxf3 9. Qxf3 a6 10. c5 Qa5 11. Bd3 Bxc5 12. dxc5 d4 13. Bxd4 Nxd4 14. Qxb7 O-O
15. Qb6 Qxb6 16. cxb6 Rfb8 17. Na4 Nd5 18. Rc1 Nxb6 19. Nxb6 Rxb6 20. Rc4 Rd8
21. O-O Rxb2 22. Rb1 Rxb1+ 23. Bxb1 g6 24. Kf1 Nb5 25. Be4 Rd2 26. Rc2 Rxc2 27.
Bxc2 Nd4 28. Bd3 a5 29. Ke1 e5 30. Kd2 Kf8 31. Kc3 Ke7 32. Kc4 Kd6 33. f4 f6
34. fxe5+ fxe5 35. h4 Ne6 36. a4 Nc5 37. Bc2 1/2-1/2

[Event "Wellington Club Championship - Open Swiss"]
[Site "Wellington Chess Club"]
[Date "2024.10.31"]
[Round "6.6"]
[White "Rippon, Joshua"]
[Black "Qu, Lucas"]
[Result "0-1"]
[WhiteElo "1772"]
[BlackElo "1620"]
[WhiteFideId "0"]
[BlackFideId "4314620"]
[PlyCount "0"]
[EventDate "2024.09.26"]
[SourceDate ""]

1. e4 e5 2. Nc3 Nc6 3. f4 exf4 4. Nf3 d6 5. Bb5 Bd7 6. d4 g5 7. d5 Ne5 8. Bxd7+
Nxd7 9. b3 Bg7 10. Bb2 g4 11. O-O gxf3 12. Rxf3 Be5 13. Qd3 a6 14. b4 Ne7 15.
Raf1 Rg8 16. Bc1 Ng6 17. Ne2 Qg5 18. Nxf4 Bxf4 19. Bxf4 Nxf4 20. Qd2 Nh3+ 0-1

[Event "Wellington Club Championship - Open Swiss"]
[Site "Wellington Chess Club"]
[Date "2024.10.31"]
[Round "6.7"]
[White "Rose, Jim"]
[Black "Brockway, Andrew"]
[Result "0-1"]
[WhiteElo "1522"]
[BlackElo "1713"]
[WhiteFideId "4326776"]
[BlackFideId "4301340"]
[PlyCount "0"]
[EventDate "2024.09.26"]
[SourceDate ""]

1. d4 Nf6 2. Nf3 e6 3. e3 c5 4. Bd3 d5 5. b3 Nbd7 6. O-O b6 7. Bb2 Be7 8. Nbd2
O-O 9. Ne5 Bb7 10. f4 Ne4 11. Qh5 Ndf6 12. Qe2 Nxd2 13. Qxd2 Ne4 14. Qe2 f6 15.
Nf3 Rc8 16. Rad1 Nd6 17. dxc5 bxc5 18. c4 Nf7 19. Nd2 Qc7 20. Qh5 Nh6 21. g4 f5
22. gxf5 Nxf5 23. Bxf5 Rxf5 24. Qh3 Bf6 25. Bc1 Qf7 26. Nf3 Rh5 27. Qg2 d4 28.
Qg3 Qe7 29. exd4 Bxf3 30. Rxf3 Bxd4+ 31. Kf1 Qb7 32. h3 Rf5 33. Rdd3 Qe4 34.
Qg4 Rcf8 35. Rg3 Rxf4+ 36. Bxf4 Rxf4+ 0-1

[Event "Wellington Club Championship - Open Swiss"]
[Site "Wellington Chess Club"]
[Date "2024.10.31"]
[Round "6.8"]
[White "Lieser, Joshua"]
[Black "He, Zachary"]
[Result "1-0"]
[WhiteElo "1643"]
[BlackElo "1261"]
[WhiteFideId "4326385"]
[BlackFideId "4320905"]
[PlyCount "0"]
[EventDate "2024.09.26"]
[SourceDate ""]

1. e4 e6 2. d4 d5 3. exd5 exd5 4. Bf4 Bd6 5. Bg3 Nf6 6. Nd2 O-O 7. Ngf3 Nbd7 8.
Bxd6 cxd6 9. Be2 Ne4 10. O-O Ndf6 11. h3 Nh5 12. Bd3 Re8 13. Re1 f5 14. c3 Qf6
15. Qb3 Nf4 16. Bxe4 fxe4 17. Nxe4 Nxh3+ 18. Kh2 Be6 19. Nxf6+ gxf6 20. gxh3
Rab8 21. Qa3 a6 22. Qxd6 Rbd8 23. Qb6 1-0

[Event "Wellington Club Championship - Open Swiss"]
[Site "Wellington Chess Club"]
[Date "2024.10.31"]
[Round "6.9"]
[White "Hurndell, Robert"]
[Black "Page, Archer"]
[Result "1-0"]
[WhiteElo "1730"]
[BlackElo "1600"]
[WhiteFideId "4310233"]
[BlackFideId "0"]
[PlyCount "0"]
[EventDate "2024.09.26"]
[SourceDate ""]

1. e4 Nf6 2. e5 Nd5 3. d4 d6 4. c4 Nb6 5. f4 dxe5 6. fxe5 Nc6 7. Be3 $1 { He
told me after the game that he had prepared this opening for me... Yikes! }  (
7. Nf3 $6 Bg4 $1 { And Black equalizes } ) 7... Bf5 8. a3 $6 { Finally, we are
out of theory. a3 prevents Nb4, but developing with Nc3 also prevents that
threat well enough. I knew a3 wasn't theory, but I didn't know how to continue!
}  (8. Nc3 e6 9. Nf3 Be7 10. Be2 O-O 11. O-O f6 $16 { +0.6 } ) 8... e6 9. Be2
$6 { Inaccuracy. Nf3 was best.   The move order matters here, apparently }  (9.
Nf3 Be7 10. Be2 f6 11. Nc3 O-O 12. exf6 Bxf6 13. O-O) 9... Be7 $6 { Inaccuracy.
f6 was best.   Not that I was close to playing f6, I considered the move but
decided to continue with the standard moves Black makes in the 4-pawns
variation when White does follow Theory }  (9... f6 $1 { Would've given me the
advantage after either } 10. Nc3 (10. exf6 $5 Qxf6 11. Nf3 O-O-O $1 $17 { And
Black is significantly better } 12. Nbd2 Be7 13. Qb3 Qg6 14. O-O Bc2 15. Qa2) 
10... fxe5 11. Nf3 Nxd4 12. Nxd4 exd4 13. Bxd4 $15) 10. Nf3 O-O 11. O-O f6 12.
Nc3 { Typically you want to take the pawn, but development is fine } 12... fxe5
13. dxe5 $5 Nd7 $1 { But recapturing allows Nd7! Which complicates the position
for White, as I am close to winning the pawn. } 14. Qb3 $5 Qc8 $6 { Inaccuracy.
Nc5 was best.   Qc8 is logical, but I missed Nc5! }  (14... Nc5 $1 {
Undoubtedly a very strong reply } 15. Qd1 Nd3 16. b4 Ndxe5 17. Nxe5 Nxe5 18.
Nb5 { and I am up a pawn! } ) 15. Nd4 $6 { I'm Not surprised he didn't find
Nd5, I didn't either. Even still, there are better options like Kh1 }  (15. Nd5
$3 exd5 16. cxd5 Nc5 17. Qd1 Nxe5 18. Nxe5 $14) 15... Ndxe5 $6 { Inaccuracy.
Nxd4 was best. }  (15... Nxd4 { I saw this, but dismissed it after Bxd4. How
Wrong I was! } 16. Bxd4 c5 $1 17. Bf2 Nxe5 $17 { Embarrassing! } ) 16. Nxf5
exf5 $5 { I missed how I was opening the diagonal when playing this. }  (16...
Rxf5 17. Rxf5 exf5 18. Nd5 Bf8 $14 { And I'm fine } ) 17. Nd5 $1 Bd6 $4 {
Blunder. Kh8 was best.   About a minute after playing this move, I realized
what I had done. And had to sit there while he played c5! Kh8 would have solved
several problems... }  (17... Kh8 18. Nxe7 Nxe7 19. Bc5 Re8 20. Bd4 N7g6 $14) 
18. c5 $1 Kh8 { Thankfully, I still kept my composure and continued with the
best reply, staying competitive. } 19. cxd6 cxd6 20. Rad1 Qd7 21. Qc3 Rac8 22.
Nb4 a6 $5 (22... Ng6 { Is the computers preferred way } 23. Nxc6 bxc6) 23. Nxc6
Qxc6 24. Bd4 Qe4 25. Qe3 Qxe3+ 26. Bxe3 Rc2 27. Rd2 Rxd2 { Perhaps I was too
quick to trade pieces, still, the game lasted much longer than it could have. }
28. Bxd2 g6 { This may be slightly inaccurate }  (28... h6 $1 29. Bc3 Kg8 30.
Rd1 Rf6 { And I have a better chance of keeping the pawn for longer } ) 29. Bc3
Kg8 30. Rd1 $1 Rf6 31. Bc4+ Kf8 32. Bb3 $5 Ke7 (32... f4 { An early f4 might be
better } 33. Re1 f3 { Could be good, as long as he doesn't respond with Rf1! } 
(33... b5 { Again, could've been better assuming he played similarly } 34. Bxe5
dxe5 35. Rxe5 Rd6 36. Re6 $6 Rd2 37. Rxa6 Rxb2) 34. Re3 fxg2 35. Kxg2 { And
this is a slight improvement for me. } ) 33. Re1 Kd7 34. Bxe5 dxe5 35. Rxe5 Kd6
$5 (35... Rb6 36. Bg8 Rxb2 37. Bxh7 Rb6 { Maybe I have better drawing chances
here } ) 36. Re8 Kd7 37. Re3 $5 f4 38. Rd3+ Ke7 39. Bd1 g5 { I've successfully
moved some of my pawns to dark squares } 40. b4 $5 h6 $5 { Perhaps Rc6 was
better }  (40... Rc6 41. Bg4 Rc1+ 42. Rd1 Rc7 43. Kf2 h6) 41. Bg4 Rb6 42. Rd5
Kf6 43. Kf2 $5 Rc6 $1 44. Rc5 $1 Rd6 45. Ke2 $5 b6 $1 46. Rc7 a5 $5 47. bxa5
bxa5 48. Ra7 $5 Rd5 49. Bf3 Rb5 50. Rb7 Rc5 $6 (50... Re5+ $1 { Is the last
opportunity I had to complicate things } 51. Kd3 (51. Kd2 Re3 52. a4 Ra3 { And
I possibly have better chances here than in the game after } 53. Bd1 (53. Bc6
$5 { Might be more natural, moving the Bishop to b5 } 53... g4 $1 { Leads to a
very tricky position after } 54. Ra7 Ra2+ 55. Kc3 Ra1 $1 { And now White has
many ways to go wrong } 56. Kc4 $6 (56. Rxa5 $4 Rc1+ $1 57. Kd3 Rxc6 { Draw, if
not better for me. } )  (56. Bb5 $5 f3 57. gxf3 gxf3 { I have drawing chances }
) 56... f3 $1 57. gxf3 gxf3 { And I have good drawing chances } 58. Bxf3 $6 (
58. Rxa5 $6 Rc1+ $1 59. Kd5 Rxc6 $1 60. Ke4 $10 (60. Kxc6 $4 f2 $1) ) 58...
Rxa4+ $1 59. Kb5 Rh4 $10 { Drawn } ) 53... Ra2+ 54. Bc2 $1 { Only move, after
which I am lost but there are other variations as well that may have better
drawing chances for me than what occurred in the game. } ) 51... Re3+ 52. Kc4
Rxa3 { I have better drawing chances } ) 51. Kd2 Kf5 52. h3 $1 { From here the
game is pretty much over } 52... Kg6 53. Rb6+ Kg7 54. Kd3 Re5 55. Kc4 Re3 56.
a4 Re5 57. Rb5 Re3 58. Rxa5 Kg6 59. Rd5 Rxf3 $5 { Desperate times call for
desperate measures... } 60. gxf3 h5 61. a5 g4 62. hxg4 hxg4 63. fxg4 f3 64. Rf5
{ 1-0, Black Resigned }  (64. a6 f2 65. a7 $4 f1=Q+ $1 { Was my hope } ) 1-0

[Event "Wellington Club Championship - Open Swiss"]
[Site "Wellington Chess Club"]
[Date "2024.10.31"]
[Round "6.10"]
[White "List, Robert"]
[Black "Kvindt, Max"]
[Result "0-1"]
[WhiteElo "1653"]
[BlackElo "1400"]
[WhiteFideId "4303490"]
[BlackFideId "0"]
[PlyCount "0"]
[EventDate "2024.09.26"]
[SourceDate ""]

1. e4 e6 2. d4 d5 3. e5 c5 4. c3 Nc6 5. Nf3 Bd7 6. a3 Qb6 7. b4 cxd4 8. cxd4
Nge7 9. Nc3 Nf5 10. Na4 Qc7 11. Be3 b6 12. Rc1 Qb7 13. Be2 Be7 14. O-O Rc8 15.
g4 Nxe3 16. fxe3 O-O 17. g5 Nxd4 18. exd4 Rxc1 19. Qxc1 Bxa4 20. b5 Rc8 21. Qe3
Qd7 22. Rc1 Rxc1+ 23. Qxc1 Bxb5 24. Bxb5 Qxb5 25. Qc8+ Bf8 26. h4 Qd3 27. Kg2
Qxa3 28. h5 b5 29. g6 hxg6 30. hxg6 Qe7 31. gxf7+ Kxf7 32. Qa6 b4 33. Qb5 g5
34. Kg3 Kg6 35. Kg4 Qf7 36. Qb8 0-1

[Event "Wellington Club Championship - Open Swiss"]
[Site "Wellington Chess Club"]
[Date "2024.10.31"]
[Round "6.11"]
[White "Kumar, Raghava"]
[Black "Darr, Samuel"]
[Result "0-1"]
[WhiteElo "1500"]
[BlackElo "1679"]

1. f4 d5 2. d4 Bf5 3. e3 Nf6 4. Bd3 Bxd3 5. Qxd3 c6 6. Nf3 Nbd7 7. O-O e6 8.
Nbd2 Bd6 9. Ne5 O-O 10. e4 Qb6 11. Kh1 c5 12. c3 Rfd8 13. Nxd7 Nxd7 14. e5 Be7
15. Nf3 f6 16. exf6 Nxf6 17. Be3 Ne4 18. Qc2 Bf6 19. dxc5 Qc6 20. Nd4 Qxc5 21.
Rf3 Qe7 22. g4 Rf8 23. Raf1 e5 24. g5 Bxg5 25. fxg5 exd4 26. Bxd4 Nxg5 27.
Rxf8+ Rxf8 28. Rxf8+ Qxf8 29. Qg2 Qf3 30. Bxa7 Kf7 31. h4 Qd1+ 32. Kh2 Nf3+ 33.
Kg3 Ne5 34. Qf2+ Ke8 35. Qf4 Qd3+ 36. Qe3 Qg6+ 37. Qg5 Qxg5+ 38. hxg5 Nd3 39.
b4 Nc1 40. a4 Ne2+ 41. Kf3 Nxc3 42. a5 Kf7 43. Ke3 Kg6 44. Kd4 Nb5+ 45. Kxd5
Nxa7 46. Kc5 Nc8 47. b5 Kxg5 48. a6 bxa6 49. bxa6 h5 50. Kc6 h4 51. Kc7 h3 52.
Kxc8 h2 53. a7 h1=Q 54. Kb8 Kf4 55. a8=Q Qxa8+ 0-1

[Event "Wellington Club Championship - Open Swiss"]
[Site "Wellington Chess Club"]
[Date "2024.10.31"]
[Round "6.13"]
[White "Dhamodharam, Aadhav"]
[Black "Miriyala, Sreenikesh"]
[Result "1-0"]
[WhiteElo "1477"]
[BlackElo "948"]

1. e4 d6 2. d4 Nf6 3. Nc3 c6 4. Nf3 Qa5 5. Qd2 e5 6. dxe5 dxe5 7. Bc4 Bc5 8.
Nh4 O-O 9. O-O Bg4 10. Qg5 Rd8 11. h3 Bh5 12. g4 Bg6 13. Nxg6 hxg6 14. Qxg6 Rf8
15. Bg5 Nbd7 16. Bxf6 Nxf6 17. g5 Nd7 18. Qf5 Nb6 19. Bb3 Qa6 20. Qxe5 Bb4 21.
g6 Nc4 22. Bxc4 Qxc4 23. gxf7+ Rxf7 24. a3 Re7 25. Qg3 Bxc3 26. Qxc3 Qxe4 27.
Rae1 Qg6+ 28. Kh1 Rf7 29. Qb3 Qf6 30. Re2 Qf3+ 31. Qxf3 Rxf3 32. Kg2 Rf7 33.
Rfe1 Raf8 34. Rh1 b5 35. Rd1 Rf6 36. Rd7 Rg6+ 37. Kh1 Rgf6 38. Ree7 Rxf2 39.
Rxg7+ 1-0

[Event "Wellington Club Championship - Open Swiss"]
[Site "Wellington Chess Club"]
[Date "2024.10.31"]
[Round "6.14"]
[White "Hupert, Leo"]
[Black "Sun, William"]
[Result "1/2-1/2"]
[WhiteElo "1389"]
[BlackElo "807"]

1. e4 c6 2. d4 d5 3. e5 Bf5 4. Nf3 e6 5. Bd3 Bxd3 6. Qxd3 c5 7. c4 Nc6 8. Bd2
Qb6 9. Be3 O-O-O 10. a4 dxc4 11. Qxc4 cxd4 12. a5 Qc5 13. Qxc5 Bxc5 14. Bd2 f6
15. exf6 Nxf6 16. Bg5 Bb4+ 17. Ke2 d3+ 18. Kd1 Ne4 19. Be3 h6 20. Nbd2 Nxd2 21.
Nxd2 Rhf8 22. a6 Bxd2 23. Kxd2 Nd4 24. axb7+ Kxb7 25. Ra3 Rf5 26. Rha1 Nb5 27.
Rb3 a6 28. Rxd3 Rfd5 29. Rxd5 Rxd5+ 30. Ke2 Nd4+ 31. Bxd4 Rxd4 32. Rd1 Rxd1 33.
Kxd1 Kb6 34. Kc2 Kb5 35. Kb3 a5 36. Kc3 g5 37. g4 e5 38. f3 Kc5 39. b3 Kb5 40.
Kb2 Kb4 41. Kc2 Kb5 42. Kc3 Kc5 43. Kb2 Kb4 44. Kc2 Kb5 1/2-1/2

[Event "Wellington Club Championship - Open Swiss"]
[Site "Wellington Chess Club"]
[Date "2024.10.31"]
[Round "6.15"]
[White "Osborne, Geoff"]
[Black "Qin, Dan"]
[Result "1-0"]
[WhiteElo "1517"]
[BlackElo "1177"]
[PlyCount "39"]
[GameId "2107301103386753"]
[EventDate "2024.09.26"]

1. e4 c6 2. c4 d5 3. cxd5 cxd5 4. exd5 Qxd5 5. Nc3 Qd8 6. Nf3 Bg4 7. Qa4+ Qd7
8. Qb3 Bxf3 9. gxf3 a6 10. Nd5 Qc6 11. d4 b5 12. Bf4 Ra7 13. Bxb8 Rd7 14. Ne3
Qxf3 15. Bg2 Qf6 16. Be5 Qb6 17. Rc1 e6 18. Rc8+ Rd8 19. Bc6+ Ke7 20. Qb4+ 1-0

[Event "Wellington Club Championship - Open Swiss"]
[Site "Wellington Chess Club"]
[Date "2024.10.31"]
[Round "6.17"]
[White "Thingbaijam, Conan"]
[Black "Asher, Bruce"]
[Result "1-0"]
[WhiteElo "1325"]
[BlackElo "1153"]
[WhiteFideId "4326792"]
[BlackFideId "0"]
[PlyCount "0"]
[EventDate "2024.09.26"]
[SourceDate ""]

1. e4 e5 2. Nf3 Nc6 3. Bb5 a6 4. Ba4 Nf6 5. Nc3 Bc5 6. Bxc6 bxc6 7. Nxe5 Qe7 8.
d4 Bb6 9. Qd3 c5 10. Be3 Bb7 11. f3 d6 12. Nc4 Ba7 13. dxc5 Bxc5 14. Bxc5 dxc5
15. O-O-O O-O 16. Ne3 Rfd8 17. Qc4 a5 18. Ned5 Qd6 19. Nxf6+ Qxf6 20. Rhe1 Qh6+
21. Kb1 Qxh2 22. Qxc5 Qxg2 23. Rxd8+ Rxd8 24. Qxc7 Qg5 25. Qxb7 Qd2 26. Rc1 g6
27. Nd5 Qe2 28. Qc7 Ra8 29. Qc3 Qb5 30. Nc7 Qb7 31. Nxa8 Qxa8 32. Rd1 Qa6 33.
Rd8# 1-0

[Event "Wellington Club Championship - Open Swiss"]
[Site "Wellington Chess Club"]
[Date "2024.10.31"]
[Round "6.18"]
[White "Farrington, Lawrence B"]
[Black "Grant, Elliot"]
[Result "1/2-1/2"]
[WhiteElo "1646"]
[BlackElo "1667"]

1. d4 Nf6 2. c4 e6 3. Nc3 Bb4 4. Nf3 d5 5. cxd5 exd5 6. Bg5 Bxc3+ 7. bxc3 Be6
8. e3 c6 9. Bd3 Nbd7 10. O-O h6 11. Bh4 Qa5 12. Qc2 Bg4 13. Nd2 O-O 14. Nb3 Qd8
15. h3 Be6 16. Rfb1 b6 17. a4 c5 18. dxc5 bxc5 19. Bf5 Bxf5 20. Qxf5 Qc8 21.
Qc2 c4 22. Nd4 g5 23. Bg3 Ne4 24. Nf5 Qe8 25. Bh2 Qe6 26. Nd4 Qe8 27. Rb5 Ndc5
1/2-1/2

[Event "Wellington Club Championship - Open Swiss"]
[Site "Wellington Chess Club"]
[Date "2024.10.31"]
[Round "6.19"]
[White "Hamilton, Marcus"]
[Black "Sethuramalingam, Niranjana"]
[Result "1-0"]
[WhiteElo "1300"]
[BlackElo "1098"]
[WhiteFideId "0"]
[BlackFideId "4326415"]
[PlyCount "0"]
[EventDate "2024.09.26"]
[SourceDate ""]

1. e4 e5 2. Nf3 Nc6 3. Bb5 Nf6 4. d3 d5 5. Nbd2 Bg4 6. h3 Bxf3 7. Nxf3 dxe4 8.
Bxc6+ bxc6 9. Nxe5 c5 10. c3 Bd6 11. Bf4 O-O 12. Qe2 Bxe5 13. Bxe5 Qd5 14. Bxf6
Rfe8 15. O-O gxf6 16. Rad1 Kh8 17. d4 Rg8 18. f3 cxd4 19. Rxd4 Qxa2 20. Rxe4
Rab8 21. b4 Qxe2 22. Rxe2 Rgd8 23. Re7 Rbc8 24. Rxf7 Kg8 25. Rxf6 Rd3 26. Rf4
Rxc3 27. Re4 1-0

[Event "Wellington Club Championship - Open Swiss"]
[Site "Wellington Chess Club"]
[Date "2024.11.07"]
[Round "7.1"]
[White "Coates, Alex"]
[Black "Thirkell, Zachary"]
[Result "0-1"]
[WhiteElo "1887"]
[BlackElo "1834"]
[WhiteFideId "4311540"]
[BlackFideId "4322207"]
[PlyCount "0"]
[EventDate "2024.09.26"]
[SourceDate ""]

1. d4 d5 2. c4 c6 3. cxd5 cxd5 4. Nc3 Nf6 5. Nf3 Nc6 6. a3 a6 7. e3 Bg4 8. Be2
e6 9. b4 b5 10. Bb2 Rb8 11. Rc1 Qb6 12. O-O Be7 $2 { Mistake. Bd6 was best. } 
(12... Bd6 13. h3) 13. Qb3 $2 { Mistake. Na4 was best. }  (13. Na4 Qb7 (13...
bxa4) 14. Nc5 Qa8 15. Ne5 Bxe2 16. Qxe2 Nxe5 17. dxe5 Nd7 18. Nxd7 Kxd7) 13...
O-O 14. Ne5 Bxe2 15. Nxe2 Rfc8 16. Nxc6 Rxc6 17. Rxc6 Qxc6 18. Rc1 Qb7 19. Qc2
{ draw offered } 19... Ne8 20. Nf4 Nd6 21. Nd3 Nc4 22. Nc5 Qc6 23. Qb3 a5 24.
Bc3 a4 25. Qa2 e5 $6 { Inaccuracy. Rc8 was best. }  (25... Rc8 26. h3) 26. Ra1
$4 { Blunder. dxe5 was best. }  (26. dxe5 Bxc5) 26... e4 27. Qe2 f5 28. Qh5 Rf8
29. g3 h6 30. Kf1 Kh7 31. h4 g6 32. Qe2 Qc8 33. Ke1 Re8 34. h5 g5 35. Kd1 Rg8
36. f3 exf3 37. Qxf3 g4 38. Qf2 Bg5 39. Bd2 Re8 40. Bc1 $6 { Inaccuracy. Ra2
was best. }  (40. Ra2 Nxe3+) 40... Bxe3 41. Bxe3 Rxe3 42. Qf4 $2 { Mistake. Ra2
was best. }  (42. Ra2 Rf3 43. Qe2 Ne3+ 44. Kc1 Qe8 45. Rd2 Qxh5 46. Rd1 Qf7 47.
Re1 f4) 42... Rf3 43. Kc2 Rxf4 44. gxf4 $6 { Checkmate is now unavoidable. Re1
was best. }  (44. Re1 Re4 45. Rd1 Ne3+ 46. Kd2 Rxd4+ 47. Kxe3 Rxd1 48. Ke2 Rb1
49. Kd2 Rb2+) 44... Qe8 45. Kd1 Qe3 46. Ra2 Qxd4+ 47. Ke1 Qg1+ 48. Ke2 Qg2+ 49.
Kd3 Qxa2 50. Nb3 Qxb3+ 51. Kd4 Qe3+ 52. Kxd5 g3 53. Kc6 g2 54. Kd7 g1=Q { I had
to use an upside-down rook } 55. Kc6 Qg2+ 56. Kc7 Qg7+ 57. Kc6 Qe8+ 58. Kc5
Qg1+ 59. Kd5 Qe4# 0-1

[Event "Wellington Club Championship - Open Swiss"]
[Site "Wellington Chess Club"]
[Date "2024.11.07"]
[Round "7.2"]
[White "Marney, John"]
[Black "Saglam, Yigit"]
[Result "1/2-1/2"]
[WhiteElo "1696"]
[BlackElo "1810"]
[PlyCount "37"]
[GameId "2109427111609373"]
[EventDate "2024.09.26"]

1. e4 c5 2. Nf3 Nc6 3. d4 cxd4 4. Nxd4 g6 5. c4 Nf6 6. Nc3 d6 7. Be2 Nxd4 8.
Qxd4 Bg7 9. Be3 O-O 10. Qd2 Qa5 11. f3 Be6 12. O-O Qd8 13. Rac1 b6 14. Rfd1 Nd7
15. b3 Nc5 16. Qe1 Qb8 17. Nd5 Qb7 18. Nf4 Bd7 19. Nd5 1/2-1/2

[Event "Wellington Club Championship - Open Swiss"]
[Site "Wellington Chess Club"]
[Date "2024.11.07"]
[Round "7.3"]
[White "Brockway, Andrew"]
[Black "Kang, Eushin"]
[Result "1-0"]
[WhiteElo "1713"]
[BlackElo "1500"]
[WhiteFideId "4301340"]
[BlackFideId "0"]
[PlyCount "0"]
[EventDate "2024.09.26"]
[SourceDate ""]

1. e4 c6 2. d4 d5 3. exd5 cxd5 4. Bd3 Nc6 5. c3 Nf6 6. Bf4 Bg4 7. Qb3 Na5 8.
Qa4+ Nc6 9. Nd2 e6 10. Ngf3 Bxf3 11. Nxf3 Bd6 12. Bxd6 Qxd6 13. Ne5 O-O 14. f4
Nh5 15. O-O Nxf4 16. Bxh7+ Kxh7 17. Rxf4 Nxe5 18. Rh4+ Kg8 19. dxe5 Qb6+ 20.
Kh1 Qxb2 21. Qd1 g6 22. Rh3 Qf2 23. Qc1 f5 24. Qh6 Kf7 25. Qh7+ Ke8 26. Qxg6+
Kd7 27. Rh7+ Kc6 28. Qxe6+ Kb5 29. Rxb7+ Kc4 30. Rc7+ Kd3 31. Qxd5+ Kc2 32.
Qd1+ Kb2 33. Qb1+ Ka3 34. Qb3# 1-0

[Event "Wellington Club Championship - Open Swiss"]
[Site "Wellington Chess Club"]
[Date "2024.11.07"]
[Round "7.4"]
[White "Ashe, Michael"]
[Black "Lieser, Joshua"]
[Result "0-1"]
[WhiteElo "1591"]
[BlackElo "1643"]
[WhiteFideId "4310462"]
[BlackFideId "4326385"]
[PlyCount "0"]
[EventDate "2024.09.26"]
[SourceDate ""]

1. d4 f5 2. Bg5 Nf6 3. Bxf6 exf6 4. e3 d5 5. c4 Be6 6. cxd5 Bxd5 7. Nc3 Bf7 8.
Bd3 g6 9. Nge2 c6 10. h4 Bb4 11. a3 Ba5 12. h5 Nd7 13. hxg6 Bxg6 14. Nf4 Bxc3+
15. bxc3 Bf7 16. Bxf5 Qa5 17. Qc2 O-O-O 18. Rxh7 Rxh7 19. Bxh7 Rh8 20. Kd2 c5
21. Bf5 Rd8 22. d5 Kb8 23. Bxd7 Rxd7 24. e4 f5 25. f3 Qd8 26. c4 Qg5 27. Ke3
fxe4 28. fxe4 Qg3+ 29. Ke2 Qxf4 30. Qd3 Bh5+ 31. Ke1 Re7 0-1

[Event "Wellington Club Championship - Open Swiss"]
[Site "Wellington Chess Club"]
[Date "2024.11.07"]
[Round "7.6"]
[White "Wilkins, Mark"]
[Black "Hurndell, Robert"]
[Result "1/2-1/2"]
[WhiteElo "1906"]
[BlackElo "1730"]
[WhiteFideId "4302389"]
[BlackFideId "4310233"]
[PlyCount "0"]
[EventDate "2024.09.26"]
[SourceDate ""]

1. e4 c6 2. d4 d5 3. exd5 cxd5 4. Nf3 Nf6 5. Bd3 e6 6. O-O Bd6 7. c3 O-O 8. Ne5
Nbd7 9. f4 Qb6 10. Kh1 Ne4 11. Nd2 f5 12. Nxd7 Bxd7 13. Nf3 Bb5 14. Ng5 Bxd3
15. Qxd3 Rf6 16. c4 Be7 17. c5 Qc6 18. b4 Rh6 19. Kg1 Qc7 20. Nf3 Bf6 21. Ne5
Bxe5 22. fxe5 Rg6 23. Rf4 Qe7 24. Qe2 a5 25. b5 a4 26. a3 Qd8 27. Bd2 Nxd2 28.
Qxd2 Qg5 29. Rf2 Qh4 30. Rf4 Qg5 31. Raf1 h5 32. h4 Qh6 33. R4f2 Qxd2 34. Rxd2
Rg4 35. Rf3 Rxh4 36. g3 Rg4 37. Kf2 Kf7 38. Rf4 g5 39. Rxg4 hxg4 40. Rb2 Rh8
41. Kg2 Rc8 42. Rb4 Ra8 43. Rb1 f4 44. gxf4 gxf4 45. Rf1 f3+ 46. Kg3 Rg8 47.
Rc1 Ke7 48. Rh1 Rg7 49. Rh6 Kd7 50. Rh8 Rf7 51. Rh2 Kc7 52. Rf2 Rg7 53. Rh2 Rf7
54. Kf2 Rg7 55. Rh1 Rf7 56. Rg1 Rg7 1/2-1/2

[Event "Wellington Club Championship - Open Swiss"]
[Site "Wellington Chess Club"]
[Date "2024.11.07"]
[Round "7.7"]
[White "Ulm, Eric"]
[Black "Joseph, Joji Chacko"]
[Result "1/2-1/2"]
[WhiteElo "1473"]
[BlackElo "1584"]
[WhiteFideId "4325575"]
[BlackFideId "4308816"]
[PlyCount "0"]
[EventDate "2024.09.26"]
[SourceDate ""]

1. e4 c5 2. Nf3 Nc6 3. Bb5 g6 4. Bxc6 bxc6 5. O-O Bg7 6. Re1 Nf6 7. e5 Nd5 8.
c4 Nb4 9. d3 O-O 10. a3 Na6 11. Nbd2 Rb8 12. Rb1 d6 13. Ne4 dxe5 14. Qe2 Rb3
15. Rd1 Qb6 16. Qc2 Rd8 17. Be3 Bf5 18. Bxc5 Qb7 19. Be3 Bxe4 20. dxe4 Rxd1+
21. Qxd1 c5 22. Qd8+ Bf8 23. Bh6 Qb8 24. Qxb8 Nxb8 25. Bxf8 Kxf8 26. Nxe5 f6
27. Nf3 Nc6 28. Kf1 Na5 29. Nd2 Rd3 30. Ke2 Rd4 31. b3 Kf7 32. f3 g5 33. g4 Nc6
34. b4 cxb4 35. axb4 Ne5 36. Ke3 Rd3+ 37. Ke2 Ra3 38. c5 Ke6 39. b5 Kd7 40. b6
axb6 41. cxb6 Ra8 1/2-1/2

[Event "Wellington Club Championship - Open Swiss"]
[Site "Wellington Chess Club"]
[Date "2024.11.07"]
[Round "7.8"]
[White "Darr, Samuel"]
[Black "Farrington, Lawrence B"]
[Result "1-0"]
[WhiteElo "1679"]
[BlackElo "1646"]

1. e4 e6 2. d4 d5 3. e5 c5 4. c3 Nc6 5. Nf3 Qb6 6. a3 Bd7 7. Be2 Nge7 8. b4
cxd4 9. cxd4 Nf5 10. Bb2 Be7 11. O-O Qd8 12. Nbd2 O-O 13. Rc1 Rc8 14. Nb3 b6
15. b5 Na5 16. Nxa5 bxa5 17. Qa4 a6 18. Rxc8 Qxc8 19. Rc1 Qb8 20. Qxa5 Bxb5 21.
Bxb5 axb5 22. Rc6 Rc8 23. Rxc8+ Qxc8 24. Qxb5 g6 25. Qb3 Qa8 26. a4 Kg7 27. g3
Bd8 28. Bc3 h6 29. Qb5 Qa7 30. a5 Ne7 31. Nd2 Qc7 32. Qc5 Nc6 33. Nb3 Qb7 34.
Qa3 Be7 35. Nc5 Qa7 36. Kg2 Qb8 37. a6 Qa7 38. Qa4 Nb8 39. Bb4 Bxc5 40. Bxc5
Qxa6 41. Qe8 Qb7 42. Bf8+ Kh7 43. Be7 Nd7 44. Qxf7+ 1-0